Central Library OPAC University of Rajshahi

Pride and prejudice / (Record no. 46710)

MARC details
000 -LEADER
fixed length control field 00632nam a2200217 a 4500
001 - CONTROL NUMBER
control field 46710
003 - CONTROL NUMBER IDENTIFIER
rucl marc code BD-RjUL
005 - DATE AND TIME OF LATEST TRANSACTION
control field 20211209054207.0
008 - FIXED-LENGTH DATA ELEMENTS--GENERAL INFORMATION
fixed length control field 161125s1954 enk 000 0 eng
035 ## - SYSTEM CONTROL NUMBER
System control number (BD-RjUL)46829
040 ## - CATALOGING SOURCE
Original cataloging agency BD-RjUL
Transcribing agency UTL
Modifying agency SER
-- BD-RjUL
Language of cataloging eng
041 ## - LANGUAGE CODE
Language code of text/sound track or separate title eng
082 ## - DEWEY DECIMAL CLASSIFICATION NUMBER
Classification number 823.7
Edition number 23
Author mark and year AUP 1954
100 1# - MAIN ENTRY--PERSONAL NAME
Personal name Austen, Jane
9 (RLIN) 166995
245 10 - TITLE STATEMENT
Title Pride and prejudice /
Statement of responsibility, etc. Jane Austen
260 ## - PUBLICATION, DISTRIBUTION, ETC. (IMPRINT)
Place of publication, distribution, etc. London :
Name of publisher, distributor, etc. Zodiac Press,
Date of publication, distribution, etc. 1954.
300 ## - PHYSICAL DESCRIPTION
Pagination 298 p. ;
Size 22 cm.
651 ## - SUBJECT ADDED ENTRY--GEOGRAPHIC NAME
Geographic name England
General subdivision Young women
Form subdivision Social classes
9 (RLIN) 166996
General subdivision English Fiction
9 (RLIN) 163996
942 ## - ADDED ENTRY ELEMENTS (KOHA)
Source of classification or shelving scheme Dewey Decimal Classification
Koha item type Books
Holdings
Lost status Source of classification or shelving scheme Damaged status Not for loan Collection code Permanent Location Current Location Shelving location Date acquired Source of acquisition Cost, normal purchase price Total Checkouts Full call number Date last seen Date checked out Copy number Koha item type
  Dewey Decimal Classification     Non-fiction Central Library, University of Rajshahi Central Library, University of Rajshahi   13/04/1956 A,B.C 6.00 3 823.7 AUP 1954 06/01/2026 23/12/2025 C-2 Books